Hybrid Artificial Intelligence Systems : 9th International Conference, HAIS 2014, Salamanca, Spain, June 11-13, 2014 : Proceedings /
Selección de ponencias de la novena Conferencia Internacional sobre Sistemas Inteligentes Artificiales Híbridos, celebrada en Salamanca, España, en junio de 2014. Los textos están organizados por secciones temáticas, entre las que se encuentran la extracción de datos y descubrimiento de conocimiento...
Uloženo v:
| Korporativní autor: | |
|---|---|
| Další autoři: | |
| Médium: | Konferenční příspěvek Kniha |
| Jazyk: | angličtina |
| Vydáno: |
Cham, Suiza :
Springer,
2014, c2014
|
| Edice: | (Lecture Notes in Computer Science ; Lecture Notes in Artificial Intelligence)
8480. |
| Témata: | |
| On-line přístup: | Ver documento en línea |
| Tagy: |
Žádné tagy, Buďte první, kdo vytvoří štítek k tomuto záznamu!
|
MARC
| LEADER | 00000nam^a2200000^a^4500 | ||
|---|---|---|---|
| 001 | 000557646 | ||
| 005 | 20251023000000.0 | ||
| 009 | 20260526152711.962 | ||
| 020 | |a 978-3-319-07617-1 | ||
| 037 | |a Acervo ITESO - Biblioteca | ||
| 041 | |a ING | ||
| 082 | |a Libro en línea | ||
| 111 | |a International Conference on Hybrid Artificial Intelligent Systems ( |n 9a : |d 2014 : |c Salamanca, España) | ||
| 245 | 1 | 0 | |a Hybrid Artificial Intelligence Systems : |b 9th International Conference, HAIS 2014, Salamanca, Spain, June 11-13, 2014 : Proceedings / |c Ed. de M. Polycarpou... [et al.]. |
| 264 | 4 | |a Cham, Suiza : |b Springer, |c 2014, c2014 | |
| 264 | 2 | |a Cham, Suiza : |b Springer Link [distribución], |c 2014, c2014 | |
| 300 | |a 1 libro electrónico en línea (XVIII, 710 p.) | ||
| 300 | |a 1 recurso en línea | ||
| 336 | |a datos para computadora |b cod |2 rdacontenido | ||
| 337 | |a computadora |b c |2 rdamedio | ||
| 338 | |a recurso en línea |b cr |2 rdasoporte | ||
| 440 | 1 | |a (Lecture Notes in Computer Science ; |v 8480. |p Lecture Notes in Artificial Intelligence) | |
| 506 | 0 | |a Licencias ilimitadas | |
| 520 | |a Selección de ponencias de la novena Conferencia Internacional sobre Sistemas Inteligentes Artificiales Híbridos, celebrada en Salamanca, España, en junio de 2014. Los textos están organizados por secciones temáticas, entre las que se encuentran la extracción de datos y descubrimiento de conocimientos; análisis de vídeo e imagen; modelos bioinspirados y computación evolutiva; algoritmos de aprendizaje; y, sistemas inteligentes híbridos para minería de datos. | ||
| 649 | |a XX | ||
| 650 | |a Algoritmos Computacionales | ||
| 650 | |a Agentes Inteligentes (Software) | ||
| 650 | |a Aprendizaje Automático (Inteligencia Artificial) | ||
| 650 | |a Reconocimiento de Patrones | ||
| 650 | |a Cómputo Evolutivo | ||
| 650 | |a Minería de Datos | ||
| 650 | |a Visión por Computadora | ||
| 650 | |a Reconocimiento de Imagen | ||
| 650 | |a Proceso de Datos | ||
| 650 | |a Sistemas de Información | ||
| 650 | |a Inteligencia Artificial - |x Congresos - |x Tema Principal | ||
| 650 | |a Inteligencia Artificial - |x Tema Principal | ||
| 650 | |a Ingeniería Computacional | ||
| 700 | |a Polycarpou, Marios |e (edición) | ||
| 856 | 4 | 0 | |u https://link-springer-com.ezproxy.iteso.mx/10.1007/978-3-319-07617-1 |y Ver documento en línea |
| 910 | |a Fondo General | ||
| 920 | |a Electrónicos - Libros en Línea | ||
| 930 | |a Plataforma Digital | ||
| 905 | |a 205 | ||
| 901 | |a 557646-1 |b IT2 |c EBO |i C |u 20250521 | ||
| 902 | |a https://opac.biblio.iteso.mx/vufind/Record/000557646 | ||